| 000 | 01722cam a2200361 i 4500 | ||
|---|---|---|---|
| 003 | SA-RiAUC | ||
| 005 | 20241126061351.0 | ||
| 008 | 241124s1999 |||o g b 000 0 ara c | ||
| 020 | _a9960360903 | ||
| 040 |
_aAE-AiULD _bara _cSA-RiAUC _erda |
||
| 043 |
_aa-su--- _aa-qa--- |
||
| 050 | 4 | _b.S83 1999 | |
| 082 | 0 | 4 |
_a953.133 _qSA-RiAUC |
| 090 |
_a953.133 _bس ب ي |
||
| 100 | 1 |
_aالسبيعي، عبد الله ناصر عبد الله، _d1364 هجري- _eمؤلف. |
|
| 245 | 1 | 2 |
_aالقضاء والأوقاف في الأحساء والقطيف وقطر أثناء الحكم العثماني الثاني 1288-1331 هـ / 1871-1913 م : _bدراسة وثائقية / _cتأليف عبد الله ناصر السبيعي. |
| 250 | _aالطبعة الأولى. | ||
| 264 | 1 |
_a[مكان النشر غير محدد] : _bعبد الله ناصر السبيعي، _c1999 |
|
| 300 |
_a239 صفحة : _bصور ؛ _c24 سم. |
||
| 336 |
_aنص _btxt _2rdacontent _3كتاب |
||
| 337 |
_aبدون وسيط _bn _2rdamedia |
||
| 338 |
_aمجلد _bnc _2rdacarrier |
||
| 440 | 0 |
_aدراسة وثائقية _v5 |
|
| 504 | _aببليوجرافية : صفحة 223-239. | ||
| 650 | 7 |
_aالقضاء _zالسعودية _2aucsh |
|
| 650 | 7 |
_aالوقف _zالسعودية _2aucsh |
|
| 651 | 7 |
_aالقطيف (السعودية) _xتاريخ _2aucsh |
|
| 651 | 7 |
_aالأحساء (السعودية) _xتاريخ _yالحكم العثماني، 922-1214 هجري. _2aucsh |
|
| 651 | 7 |
_aالسعودية _xتاريخ _yالحكم العثماني، 922-1214 هجري. _2aucsh |
|
| 651 | 7 |
_aقطر _xتاريخ _yالحكم العثماني، 1551-1911 _2aucsh |
|
| 942 |
_2ddc _cBOOK _n0 |
||
| 949 |
_aSA-JeALM _d241124 _umohamedma123 _n1 |
||
| 999 |
_c2771 _d2771 |
||